000 00317nam a22001217a 4500
008 250218b |||||||| |||| 00| 0 eng d
050 _aHD31
_b.K86
100 _aKUMAR, Chandan
245 _aBusiness Administration and Marketing
260 _aNew Delhi
_bRandom Publication
_c2019
300 _aviii, 318p.
942 _cBK
999 _c1972
_d1972